Gaming Quiz

Random Gaming or Video Games Quiz

Metacritic's Top 50 N64 games Quiz Stats

 Plays Quiz not verified by Sporcle

Score 0/50 Timer 09:00
0 Plays Today
Metascore Game % Correct
94Super Mario 64
95.7%
99The Legend of Zelda: Ocarina of Time
93.8%
95The Legend of Zelda: Majora's Mask
89.8%
83Mario Kart 64
89.8%
96Goldeneye 007
87.9%
92Banjo-Kazooie
80.6%
90Donkey Kong 64
79%
97Perfect Dark
77.1%
79Super Smash Bros
75.5%
90Banjo-Tooie
74.4%
79Mario Party
73%
88Star Fox 64
72.8%
93Paper Mario
63.6%
92Conker's Bad Fur Day
63.1%
88Diddy Kong Racing
60.4%
77Pokemon Snap
58.2%
78Pokemon Stadium 2
55.5%
91Mario Tennis
53.4%
91Mario Golf
52.8%
92Wave Race 64
50.1%
85F-Zero X
47.4%
80Pilotwings 64
43.1%
80Jet Force Gemini
42.6%
85Turok: Dinosaur Hunter
41.8%
90Blast Corps
38.5%
Metascore Game % Correct
86Turok 2: Seeds of Evil
34.2%
89Resident Evil 2
34%
85Star Wars: Rogue Squadron
31%
84Tony Hawk's Pro Skater 2
28.8%
78Castlevania
27%
88Excitebike 64
25.1%
81Pokemon Puzzle League
24.5%
84Star Wars: Episode I Battle for Naboo
23.5%
82Ogre Battle 64
23.2%
78Harvest Moon 64
21.6%
90Rayman 2: The Great Escape
21.3%
89WWF No Mercy
20.2%
89Madden NFL 2001
18.3%
90Beetle Adventure Racing
17.5%
80Starcraft 64
17.3%
83Space Station: Silicon Valley
16.2%
78Madden NFL 2002
15.4%
81007: The World is Not Enough
14.3%
84Wipeout 64
12.7%
82Extreme-G
12.4%
91International Superstar Soccer '98
11.6%
85NFL Blitz 2000
11.3%
82Ridge Racer 64
10.5%
86San Francisco Rush 2049
10%
77Army Men: Air Combat
6.5%

You're not logged in!

Compare scores with friends on all Sporcle quizzes.
OR
Log In

Show Comments

Extras

Top Quizzes Today


Score Distribution

Your Account Isn't Verified!

In order to create a playlist on Sporcle, you need to verify the email address you used during registration. Go to your Sporcle Settings to finish the process.

Report this User

Report this user for behavior that violates our Community Guidelines.

Details: